| 000 | 00987nam a22002297a 4500 | ||
|---|---|---|---|
| 999 |
_c9906 _d9906 |
||
| 005 | 20251125232824.0 | ||
| 008 | s2544 th tha d | ||
| 020 | _a9748860582 | ||
| 040 | _aNALT | ||
| 041 | _atha | ||
| 050 | _aDS582 ว914พ 2544 | ||
| 100 | 0 | _aเวนิสา เสนีวงศ์ฯ | |
| 245 | 1 | 0 | _aพระอารมณ์ขัน ร.5 |
| 260 | 3 |
_aกรุงเทพฯ : _bบางกอกบุ๊ค, _c2544 |
|
| 300 |
_a144 หน้า : _b ภาพประกอบ ; _c 21 ซม. |
||
| 650 | 0 | 4 | _aจุลจอมเกล้าเจ้าอยู่หัว, พระบาทสมเด็จพระ, 2396--2453 |
| 650 | 0 | 4 | _aไทย -- ประวัติศาสตร์ -- กรุงรัตนโกสินทร์ยุคหลัง -- รัชกาลที่ 5, 2411--2453 |
| 850 | _aNALT | ||
| 856 | 4 | 0 |
_uhttps://hdl.handle.net/20.500.14156/410494 _71 |
| 942 |
_cGB _2lcc |
||